Units of Measurement - Statistics

General Stats
  • This quiz has been taken 545 times
    498 since last reset
  • The average score is 22 of 32
Answer Stats
Measures Unit % Correct
Length Meter
96%
Mass Kilogram
91%
Hour
85%
Minute
85%
Time Second
85%
Length Inch
84%
Pound
82%
Day
80%
Foot
80%
Year
78%
Force Newton
75%
Power Watt
75%
Volume Liter
74%
Mile
73%
Electric current Ampere
72%
Frequency Hertz
72%
Electric potential Volt
72%
Yard
72%
Energy/ Work Joule
67%
Electric resistance Ohm
67%
Weight Ounce
65%
Sound intensity (Multiple) Decibel
59%
Area Acre
58%
Pressure Pascal
56%
Gallon
54%
Temperature Degree
52%
Amount of substance Mole
46%
Volume Pint
46%
Electric charge Coulomb
45%
Luminous flux Lumen
44%
Quart
41%
Magnetic flux density Tesla
36%
No matching quizzes found
Score Distribution
Percent of People with Each Score
Percentile by Number Answered
Your Score History
You have not taken this quiz since the last reset